00627nam a2200217Ib 4500003000500000005001700005008004100022020002600063040003000089041001400119082001500133100003000148245004500178250001600223260004900239300003700288655002200325655001600347655002800363655001800391322820260211125121.0210817s9999 xx ed 000 1 AFR d a0795909039 (hardback) aMPLc3228bengd2000erda aAfrikaans aLP AF JOUB aJoubert, Junita eauthor 0aSuggestie van 'n somer /cJunita Joubert a[Grootdruk] aPretoria :bDaan Retief Uitgewers ,c©1987. a234 Pages (large print) :c21 cm 0aAfrikaans Fiction 0aLarge Print 0aHuman Relations Fiction 0aLight Romance